Les 5 langues les plus parlées d'Afghanistan - Statistiques

Statistiques générales
  • Ce quiz a été pris 67 fois
  • Le résultat moyen est 3 sur 5
Statistiques - réponses
Nombre de locuteurs Langue % Correct
1 700 000 Pachto du Nord
89%
8 000 000 Pachto du Sud
89%
20 000 000 Dari
86%
3 910 000 Ouzbek du Sud
37%
1 500 000 Turkmène
23%
Aucun quiz correspondant
Distribution des résultats
% des personnes avec chaque résultat
Percentile par nombre de réponses
Votre historique - résultats
Vous n’avez pas pris ce quiz